The Rise of Smart Cities: Advanced Structural Sensing and Monitoring Systems / (Record no. 616500)

000 -LEADER
fixed length control field 00660nam a22001817a 4500
003 - CONTROL NUMBER IDENTIFIER
control field NUST
005 - DATE AND TIME OF LATEST TRANSACTION
control field 20260304120347.0
008 - FIXED-LENGTH DATA ELEMENTS--GENERAL INFORMATION
fixed length control field 260304b ||||| |||| 00| 0 eng d
020 ## - INTERNATIONAL STANDARD BOOK NUMBER
International Standard Book Number 978-0128177846
082 ## - DEWEY DECIMAL CLASSIFICATION NUMBER
Classification number 624.171
Author Mark AMI
100 ## - MAIN ENTRY--PERSONAL NAME
Personal name Amir Hossein Alavi, Maria Feng, Pengcheng Jiao, & Zahra Sharif-Khodaei.
9 (RLIN) 133564
245 ## - TITLE STATEMENT
Title The Rise of Smart Cities: Advanced Structural Sensing and Monitoring Systems /
Statement of responsibility, etc. Amir Hossein Alavi, Maria Feng, Pengcheng Jiao, & Zahra Sharif-Khodaei.
250 ## - EDITION STATEMENT
Edition statement 1st Edition
260 ## - PUBLICATION, DISTRIBUTION, ETC.
Place of publication, distribution, etc. United Kingdom:
Name of publisher, distributor, etc. Butterworth-Heinemann,
Date of publication, distribution, etc. 2022.
300 ## - PHYSICAL DESCRIPTION
Extent 696 p ;
Dimensions 35.00 cm
563 ## - BINDING INFORMATION
Binding note Hardcover
942 ## - ADDED ENTRY ELEMENTS (KOHA)
Source of classification or shelving scheme
Koha item type Book
Holdings
Withdrawn status Lost status Source of classification or shelving scheme Damaged status Not for loan Permanent Location Current Location Date acquired Total Checkouts Full call number Barcode Date last seen Price effective from Koha item type
          Institute of Geographical Information Systems (IGIS) Institute of Geographical Information Systems (IGIS) 03/04/2026   624.171 AMI IGIS-381 03/04/2026 03/04/2026 Book
© 2023 Central Library, National University of Sciences and Technology. All Rights Reserved.